000
00279nam a2200109Ia 4500
008
230907s9999||||xx |||||||||||||| ||und||
082
_a
620.5
_b
CHE
245
4
_a
The chemistry of nanomaterials :
260
_a
Wiley-VCH,
_b
Weinheim :
_c
2004
300
_a
2 vol set. :
942
_c
BK
999
_c
600782
_d
600782